| 000 -LEADER |
| fixed length control field |
00946cam a2200277 i 4500 |
| 001 - CONTROL NUMBER |
| control field |
19185 |
| 003 - CONTROL NUMBER IDENTIFIER |
| control field |
BD-DhUAP |
| 005 - DATE AND TIME OF LATEST TRANSACTION |
| control field |
20220627133604.0 |
| 008 - FIXED-LENGTH DATA ELEMENTS--GENERAL INFORMATION |
| fixed length control field |
200208s2015 bg b 001 0 eng |
| 020 ## - INTERNATIONAL STANDARD BOOK NUMBER |
| International Standard Book Number |
98430000190832 |
| 040 ## - CATALOGING SOURCE |
| Original cataloging agency |
DLC |
| Language of cataloging |
eng |
| Description conventions |
rda |
| Transcribing agency |
DLC |
| Modifying agency |
BD-DhUAP |
| 041 0# - LANGUAGE CODE |
| Language code of text/sound track or separate title |
eng |
| -- |
ben |
| 082 ## - DEWEY DECIMAL CLASSIFICATION NUMBER |
| Edition number |
23 |
| Classification number |
345.5402323 HAQ |
| 100 1# - MAIN ENTRY--PERSONAL NAME |
| Personal name |
Haque, Md. Azizul. |
| 245 10 - TITLE STATEMENT |
| Title |
Anti-corruption laws in Bangladesh : |
| Remainder of title |
all amendments & recent rulings included / |
| Statement of responsibility, etc. |
Justice Md. Azizul Haque. |
| 250 ## - EDITION STATEMENT |
| Edition statement |
3rd ed. |
| 260 ## - PUBLICATION, DISTRIBUTION, ETC. |
| Place of publication, distribution, etc. |
Dhaka : |
| Name of publisher, distributor, etc. |
Universal Book House, |
| Date of publication, distribution, etc. |
c2016. |
| 300 ## - PHYSICAL DESCRIPTION |
| Extent |
327 pages ; |
| Dimensions |
24 cm. |
| 504 ## - BIBLIOGRAPHY, ETC. NOTE |
| Bibliography, etc. note |
Includes bibliographical references and index. |
| 520 ## - SUMMARY, ETC. |
| Summary, etc. |
Laws on anti-corruption with latest amendments |
| 546 ## - LANGUAGE NOTE |
| Language note |
In English and Bengali. |
| 650 #0 - SUBJECT ADDED ENTRY--TOPICAL TERM |
| Topical term or geographic name entry element |
Political corruption |
| General subdivision |
Law and legislation |
| Geographic subdivision |
Bangladesh. |
| 650 #0 - SUBJECT ADDED ENTRY--TOPICAL TERM |
| Topical term or geographic name entry element |
Misconduct in office |
| Geographic subdivision |
Bangladesh. |
| 650 #0 - SUBJECT ADDED ENTRY--TOPICAL TERM |
| Topical term or geographic name entry element |
Political corruption |
| General subdivision |
Prevention. |
| 942 ## - ADDED ENTRY ELEMENTS (KOHA) |
| Source of classification or shelving scheme |
|
| Koha item type |
Book |